00691nam a2200241 a 4500001001300000003000900013005001700022008004100039020001000080082001300090100002300103245003100126260004100157300000900198500003500207505001000242650002800252700002300280902000800303942000700311952011400318999001700432nice12345678IN_TiNIC20260116013512.0050524s1948 phia grp 000 0 eng  ac10000a221bALL aAlleman, Herbert C aOld Testamentb Commentary aPhiladelphiabMuhlenberg Pressc1948 a893p aincludes index and biblioraphy2 aIndex aOld Testament-Commentry1 aAlleman, Herbert C bSRS cBK 001040708StackRoom-aHMIbHMId2007-06-21g100.00l0o221 ALLp016491r2007-06-21v100.00w2005-05-24yBK c11235d11235